000 01803 a2200241 4500
001 25227
005 20260407155536.0
008 260407a1991 arg spa d
003 AR-UNSa-BCEJYS
040 _aAR-UNSa-BCEJYS
_bspa
_cAR-UNSa-BCEJYS
080 _a336.74
_xMoneda. Sistema monetario
245 1 0 _aLa ley de convertibilidad
020 _a950-20-0632-1
264 1 _aBuenos Aires :
_bAbeledo Perrot
_c1991
300 _a365 p.
_c23 cm.
505 _aParte I : La Ley 23.928 : 1. Introducción - Parte II : El régimen jurídico del dinero : 2. Nociones introductorias - 3. Régimen jurídico del dinero en la república argentina hasta la sanción de la ley 23.928 - 4. Ley 23.928 incidencia en el régimen jurídico del dinero - Parte III : Las relaciones jurídicas ante la inflación.Introducción - 5. La ley 23.928 : Retorno al nominalismo legalmente impuesto - Parte IV : La contratación en moneda extranjera : 7. La moeda extranjera en la contratación privada hasta el 1-04-1991 - 8. Las obligaciones en moeda extranjera a partir de la ley 23.928 - Parte V : La capitalización de intereses : 9. Régimen del anatocismo antes y después de las Ley 23.928 - Parte VI : Efectos de la ley 23.928 en otras ramas del derecho : 10. Efectos de la ley 23.928 en los concursos - 11. Efectos de la ley 23.928 en el contrato de seguro - 12. Efectos de la Ley 23.928 sobre el derecho de sociedades - 13. Efectos de la convertibilidad sobre las operaciones financieras y títulos valores - 14. La desindexación de contratos administrativos - 15. Derogación de normas contradictorias.
942 _cBK
590 _aniveau_biblio:m niveau_hierar:0
100 1 _aAlegría, Héctor
700 1 _aRivera, Julio César
700 1 _aGonzález Arzac, Rafael
700 1 _aHutchinson, Tomás A.
999 _c1334
_d1334